| 000 | 00000nam 2200000za 4500 |
| 001 | 9.698808 |
| 003 | CaOODSP |
| 005 | 20210625000109 |
| 007 | cr ||||||||||| |
| 008 | 150407|2009||||xxc|||||o f|0| 0 eng d |
| 040 | |aCaOODSP|beng |
| 043 | |an-cn--- |
| 086 | 1 |aSE3-86/2009E-PDF |
| 245 | 00|aElectoral participation of Aboriginals in Canada |h[electronic resource] / |c[by] Paul Howe and David Bedford, University of New Brunswick. |
| 260 | |aOttawa : |bElections Canada, |c[2009]. |
| 300 | |a44 p. : |bgraphs |
| 590 | |a14-07-Supp|b2014-04-03 |
| 690 | 07|aIndigenous peoples|2gcpds |
| 690 | 07|aElections|2gcpds |
| 710 | 2 |aElections Canada. |
| 720 | 1 |aHowe, Paul |
| 720 | 1 |aBedford, David |
| 775 | 08|tLa participation électorale des Autochtones du Canada |w(CaOODSP)9.642819 |
| 856 | 40|ahttp://publications.gc.ca|qPDF|s444 KB|uhttps://publications.gc.ca/collections/collection_2014/elections/SE3-86-2009-eng.pdf |